000 00224 a2200097 4500
001 44543
100 _aMorley
245 _aElementary Engineering Science
260 _aLondon
_bLongman Green & Co.
_c
090 _c28265
_d28265
942 _aNUST-CAE
_cM
_c20297
999 _c279616
_d279616